[Event "Lansing op"]
[Site "Lansing"]
[Date "2002.09.02"]
[Round "6"]
[White "La Ferriere, Adam"]
[Black "Crysler, Jerry"]
[Result "1-0"]
[WhiteElo "1354"]
[BlackElo "1467"]
[PlyCount "82"]
[EventDate "2002.08.30"]
[EventType "swiss"]
[EventRounds "7"]
[EventCountry "USA"]
[SourceTitle "EXT 2007"]
[Source "ChessBase"]
[SourceDate "2006.11.23"]
[SourceVersion "1"]
[SourceVersionDate "2006.11.23"]
[SourceQuality "1"]

1. e4 g6 2. d4 c5 3. Be3 cxd4 4. Bxd4 f6 5. Nf3 e5 6. Bc3 Bg7 7. Bc4 Nh6 8. Qd5 Qe7 9. Na3 a6 10. Bb3 Qe6 11. Qc5 Qc6 12. Qd5 Qxd5 13. Bxd5 Nc6 14. Nc4 Bf8 15. 0-0-0 Bc5 16. Bxc6 dxc6 17. Nd6+ Ke7 18. Nxc8+ Raxc8 19. Rd2 Rhd8 20. Rf1 Rxd2 21. Kxd2 Rd8+ 22. Ke2 Nf7 23. Nd2 Nd6 24. f3 Nb5 25. Nb1 Bd4 26. Bb4+ Ke6 27. c3 Bb6 28. a4 Nd6 29. b3 a5 30. Ba3 Bc7 31. c4 b6 32. g3 b5 33. cxb5 cxb5 34. Bxd6 Bxd6 35. Rc1 bxa4 36. bxa4 Rb8 37. Nc3 Rb2+ 38. Kd3 Rb3 39. Kc4 Rb4+ 40. Kd3 Rd4+ 41. Kc2 Bb4 1-0

[Event "Lansing op"]
[Site "Lansing"]
[Date "2002.08.31"]
[Round "3"]
[White "Hazzard, William"]
[Black "La Ferriere, Adam"]
[Result "1-0"]
[WhiteElo "1573"]
[BlackElo "1354"]
[PlyCount "61"]
[EventDate "2002.08.30"]
[EventType "swiss"]
[EventRounds "7"]
[EventCountry "USA"]
[SourceTitle "EXT 2007"]
[Source "ChessBase"]
[SourceDate "2006.11.23"]
[SourceVersion "1"]
[SourceVersionDate "2006.11.23"]
[SourceQuality "1"]

1. e4 Nf6 2. e5 Nd5 3. c4 Nb6 4. d4 d6 5. f4 g6 6. Nf3 Bg4 7. Be2 Bg7 8. 0-0 0-0 9. Nbd2 Nc6 10. Ng5 Bxe2 11. Qxe2 dxe5 12. dxe5 Nd4 13. Qe4 Nc6 14. Ndf3 e6 15. Be3 Qe7 16. a3 Na4 17. Qc2 Nc5 18. b4 Nd7 19. Rad1 Nb6 20. Bc5 Qe8 21. Bxf8 Qxf8 22. Ne4 Ne7 23. g4 Bh6 24. Nf6+ Kh8 25. Ng5 Bxg5 26. fxg5 Rd8 27. Rxd8 Qxd8 28. Rd1 Qb8 29. Qd3 Nc6 30. Qh3 Kg7 31. Qh6+ 1-0

[Event "Kalamazoo op"]
[Site "Kalamazoo"]
[Date "2001.07.28"]
[Round "1"]
[White "La Ferriere, Adam"]
[Black "Croel, Duane T"]
[Result "0-1"]
[WhiteElo "1126"]
[BlackElo "1642"]
[PlyCount "103"]
[EventDate "2001.07.28"]
[EventType "swiss"]
[EventRounds "5"]
[EventCountry "USA"]
[SourceTitle "EXT 2007"]
[Source "ChessBase"]
[SourceDate "2006.11.23"]
[SourceVersion "1"]
[SourceVersionDate "2006.11.23"]
[SourceQuality "1"]

1. e4 c5 2. Nc3 Nc6 3. f4 g6 4. d3 Bg7 5. Nf3 e6 6. Ng5 h6 7. Nf3 Nge7 8. Be3 d6 9. d4 Qb6 10. Nb5 0-0 11. c3 a6 12. Nxd6 Qxb2 13. Qc1 Qxc1+ 14. Rxc1 cxd4 15. cxd4 Rd8 16. e5 Nf5 17. Nxf5 gxf5 18. Be2 Nb4 19. a3 Nd5 20. Bd2 b5 21. 0-0 Bf8 22. Ra1 Bb7 23. a4 b4 24. Rfb1 Rdc8 25. Rc1 Rxc1+ 26. Rxc1 Rc8 27. Bc4 Nc3 28. Bxc3 bxc3 29. Bb3 Ba3 30. Rc2 Be4 31. Ra2 Bc1 32. Ne1 Bxf4 33. Bc2 Be3+ 34. Kf1 Bd5 35. Ra3 Bxd4 36. Nf3 Bxf3 37. gxf3 Bxe5 38. h3 Rd8 39. Ke1 Rd2 40. Ra2 Bg3+ 41. Kf1 Rf2+ 42. Kg1 Rxf3 43. Kg2 Re3 44. Bd1 Be1 45. Kf1 Bd2 46. Be2 a5 47. Rc2 e5 48. Kf2 Rxh3 49. Bf1 Re3 50. Be2 f4 51. Bb5 e4 52. Kg1 0-1

[Event "Kalamazoo op"]
[Site "Kalamazoo"]
[Date "2001.07.28"]
[Round "2"]
[White "La Ferriere, Adam"]
[Black "Newhouse, Gregory"]
[Result "1-0"]
[WhiteElo "1126"]
[BlackElo "1385"]
[PlyCount "73"]
[EventDate "2001.07.28"]
[EventType "swiss"]
[EventRounds "5"]
[EventCountry "USA"]
[SourceTitle "EXT 2007"]
[Source "ChessBase"]
[SourceDate "2006.11.23"]
[SourceVersion "1"]
[SourceVersionDate "2006.11.23"]
[SourceQuality "1"]

1. e4 e5 2. Nf3 Nc6 3. d4 exd4 4. Nxd4 Nf6 5. Bg5 Bc5 6. Nxc6 bxc6 7. Qf3 d6 8. Bxf6 Qxf6 9. Qxf6 gxf6 10. g3 f5 11. Bg2 0-0 12. 0-0 fxe4 13. Bxe4 Bd7 14. Nc3 Rfe8 15. Bg2 Re7 16. Ne4 Bd4 17. c3 Bg7 18. Rfe1 Rae8 19. Kf1 f5 20. Nd2 Kf7 21. Rxe7+ Rxe7 22. Re1 Rxe1+ 23. Kxe1 Be6 24. Bxc6 Bxa2 25. Nf3 Kf6 26. Nd4 d5 27. Nb5 Ke6 28. Nxc7+ Kd6 29. Ne8+ Kxc6 30. Nxg7 Bb1 31. Kd2 Kc5 32. Kc1 Bd3 33. Ne6+ Kc4 34. Nf8 h5 35. Nd7 Be4 36. f3 Bd3 37. Ne5+ 1-0

[Event "Romulus op"]
[Site "Romulus"]
[Date "2000.09.04"]
[Round "7"]
[White "La Ferriere, Adam"]
[Black "Carpenter, George"]
[Result "1/2-1/2"]
[WhiteElo "851"]
[BlackElo "1400"]
[PlyCount "95"]
[EventDate "2000.09.01"]
[EventType "swiss"]
[EventRounds "7"]
[EventCountry "USA"]
[SourceTitle "EXT 2007"]
[Source "ChessBase"]
[SourceDate "2006.11.23"]
[SourceVersion "1"]
[SourceVersionDate "2006.11.23"]
[SourceQuality "1"]

1. e4 d6 2. d4 Nf6 3. Nc3 g6 4. Be3 Bg7 5. Qd2 0-0 6. Bh6 Nbd7 7. Bxg7 Kxg7 8. Nf3 c6 9. 0-0-0 b5 10. d5 b4 11. dxc6 bxc3 12. Qxc3 Nc5 13. Bd3 Qc7 14. e5 Nd5 15. Qd4 Qxc6 16. e6+ f6 17. b4 Nxd3+ 18. Rxd3 Bxe6 19. h4 Rac8 20. Ne1 Bf5 21. Qxd5 Bxd3 22. Qxd3 Qa4 23. a3 Rc7 24. h5 Rfc8 25. hxg6 hxg6 26. Rh3 Rc3 27. Qe4 Qxa3+ 28. Kd1 Rxh3 29. Qxe7+ Kh6 30. gxh3 Qxb4 31. Qxf6 Qb1+ 32. Kd2 Re8 33. Qf4+ Kg7 34. Qd4+ Re5 35. Nd3 Qb6 36. Qxb6 axb6 37. Nxe5 dxe5 38. Ke3 Kf6 39. Ke4 Ke6 40. f4 exf4 41. Kxf4 Kf6 42. Kg4 g5 43. Kg3 Kf5 44. c3 b5 45. Kf3 Ke5 46. Ke3 Kd5 47. Kd3 Kc5 48. Kc2 1/2-1/2